Longest European Country Names Quiz Stats

 Plays Quiz Updated Jul 14, 2016

Also try: European Borders
Challenge
Share
Tweet
Embed
Score 0/8 Timer 02:00
0 Plays Today
Letters Country % Correct
13United Kingdom
81.6%
20Bosnia and Herzegovina
80.8%
13Liechtenstein
79.6%
10Luxembourg
78.7%
11Switzerland
70.1%
11Netherlands
66.5%
11Vatican City
65.4%
10Montenegro
60.1%

You're not logged in!

Compare scores with friends on all Sporcle quizzes.
Join for Free
OR
Log In

You Might Also Like...

Show Comments

Extras

Top Quizzes Today


Score Distribution

Your Account Isn't Verified!

In order to create a playlist on Sporcle, you need to verify the email address you used during registration. Go to your Sporcle Settings to finish the process.

Report this User

Report this user for behavior that violates our Community Guidelines.

Details: